| 000 | 01355nam a2200313 a 4500 | ||
|---|---|---|---|
| 001 | 000048016 | ||
| 003 | DO-SdBNP | ||
| 005 | 20250711124154.0 | ||
| 008 | 110504s1997 dr ac r f001 0 spa d | ||
| 040 |
_aDO-SdBNP _bspa _cBNPHU |
||
| 082 | 4 |
_a379.7293 _bR426j, 1997 _222 |
|
| 110 | 1 |
_aRepública Dominicana. _bSecretaría de Estado de Educación, Bellas Artes y Cultos _923965 |
|
| 245 | 1 | 0 |
_aJornada de Capacitación Verano 97 : _btransformación curricular / _cMinerva Vincent ... [et al.]. |
| 246 | 1 | 4 |
_aTransformación curricular : Jornada de capacitación verano ´97 ; _bavanzamos en el desarrollo curricular ¡Ha llegado la hora del a escuela! |
| 260 |
_aSanto Domingo : _bSecretaría de Estado de Educación, Bellas Artes y Cultos, _c1997. |
||
| 300 |
_bil., gráfcs., tablas ; _c27 cm. |
||
| 490 | 1 |
_aInnova 2000-24 _vv.6 |
|
| 500 | _aAvanzamos en el desarrollo Curricular | ||
| 590 | _aInventariado, 2018/VM | ||
| 650 | 4 |
_aEducación y estado _zRepública Dominicana _911794 |
|
| 650 | 4 |
_aPolítica educativa _zRepública Dominicana _910500 |
|
| 650 | 0 |
_aPlanificación educativa _917484 |
|
| 650 | 4 |
_aDesarrollo curricular _917535 |
|
| 650 | 4 |
_aPlanificación estratégica _92433 |
|
| 650 | 4 |
_aDesarrollo educativo _910501 |
|
| 650 | 4 |
_aEducación _zRepública Dominicana _9737 |
|
| 830 | 0 |
_aInnova 2000-24 _975518 |
|
| 942 |
_2ddc _cLBS1 |
||
| 999 |
_c47504 _d47504 |
||